| 000 | 00438nam a2200181Ia 4500 | ||
|---|---|---|---|
| 008 | 170705s9999 xx 000 0 und d | ||
| 020 | _a9780590257213 | ||
| 245 | _aInside a beehive / | ||
| 245 | _cJoanna Cole & Bruce Degen. | ||
| 260 | _aNew York : | ||
| 260 | _bScholastic, | ||
| 260 | _c1996 | ||
| 300 | _a47 pages : | ||
| 300 | _bcolor illustration ; | ||
| 300 | _c22cm. | ||
| 440 | _aThe magic school bus. | ||
| 500 | _a520 | ||
| 999 |
_c336048 _d336048 |
||